Highest Grossing Films From Different Countries - Statistics

General Stats
  • This quiz has been taken 21 times
  • The average score is 8 of 27
Answer Stats
Movie Title Country Worldwide Gross($) % Correct
Skyfall United Kingdom 1,108,561,013
100%
Avatar United States 2,743,577,587
95%
Baahubali 2: The Conclusion India 268,158,390
81%
Stalingrad Russia 68,316,452
81%
The Battle at Lake Changjin China 902,540,935
76%
Crocodile Dundee Australia 174,803,506
71%
Zorbu the Greek Greece 23,500,000(est.)
62%
Demon Slayer the Movie:Mugen Train Japan 504,331,511
62%
Welcome to the Sticks France 245,144,417
29%
Quo Vado? Italy 75,878,701
29%
Suck Me Shakespeer 2 Germany 83,027,424
19%
Turkish Delight Netherlands 37,700,000(est.)
19%
The Admiral:Roaring Currents South Korea 138,342,258
19%
The Others Spain 209,947,037
19%
My Mom Is a Character 2 Brazil 39,195,565
10%
Warkop DKI Reborn: Jangkrik Boss Part 1 Indonesia 19,608,000
10%
Instructions Not Included Mexico 100,986,126
10%
Pee Mak Thailand 20,896,252
10%
Bergen Turkey 12,798,854
10%
Bon Cop,Bad Cop Canada 12,735,126
5%
Kabaddi 4:The Final Match Nepal 1,800,536
5%
Remothered Pakistan 3,079,832
5%
Hello,Love,Goodbye Philippines 17,400,000(est.)
5%
Furie Vietnam 5,756,185
5%
Women On The Run Czech Republic 10,185,032
0%
Munatik 2 Malaysia 10,781,673
0%
Miami Bici Romania 2,663,916
0%
No matching quizzes found
Score Distribution
Percent of People with Each Score
Percentile by Number Answered
Your Score History
You have not taken this quiz